Statistiques concernant Les 22 titulaires de la finale de CDM 2022

Cliquez ici pour prendre le quiz!

Statistiques générales

  • Ce quiz a été pris 306 fois
  • Le résultat moyen est 17 sur 22

Statistiques - réponses

PosteArgentine% Correct
ADLionel Messi
98%
GKHugo Lloris
97%
MGKylian Mbappé
97%
MOCAntoine Griezmann
95%
GKEmiliano Martinez
94%
BUOlivier Giroud
94%
DGThéo Hernandez
93%
MDOusmane Dembélé
91%
AGAngel Di Maria
89%
DCRaphaël Varane
89%
DCDayot Upamecano
86%
MCAdrien Rabiot
85%
DDJules Koundé
85%
BUJulian Alvarez
71%
MCRodrigo De Paul
67%
DCNicolas Otamendi
61%
MCEnzo Fernandez
60%
DGNicolas Tagliafico
48%
MCAlexis Mac Allister
44%
DCCristian Romero
41%
DDNahuel Molina
40%
MCAurélien Tchouaménie
33%

Distribution des résultats

Percentile par nombre de réponses

% des personnes avec chaque résultat

Votre développement - résultats

Vous n’avez pas pris ce quiz